| 000 | 01271nab a2200217 i 4500 | ||
|---|---|---|---|
| 001 | 768714001 | ||
| 003 | CO-MdFUSB | ||
| 005 | 20240511105334.0 | ||
| 008 | 240511t1970 sp ||||| |||| 00| 0 spa d | ||
| 040 |
_bspa _cCO-MdFUSB _dCO-MdFUSB |
||
| 041 | _aspa | ||
| 100 |
_aHuizing, Petrus, _eautor |
||
| 245 |
_aIglesia y estado en el derecho público eclesiástico _c/ Petrus Huizing |
||
| 520 | _aAnálisis a algunas publicaciones recientes en las que se ha investigado de forma crítica el lugar concedido a la problemática que las relaciones jurídicas entre "Iglesia" y "Estado" tienen dentro del conjunto de la ciencia del Derecho Canónico. Haciéndolo así se observa que la cuestión de las relaciones jurídicas entre Iglesia y Estado depende, en definitiva, del contenido que se dé a la noción <<Iglesia». El desarrollo de tales relaciones viene determinado por el de la doctrina sobre la Iglesia'. | ||
| 650 | 7 |
_aIglesia y Estado _9288 |
|
| 650 | 7 |
_aIglesia _9655 |
|
| 653 | _aDerecho canónico | ||
| 773 | 0 |
_049450 _982620 _oR2547 _tRevista internacional de teología Concilium _w(CO-MdFUSB)8 _x0210-1041 _gNúmero 58, (septiembre - octubre, 1970), páginas: 263 - 270 _qpágina: 263 |
|
| 942 | _cANA | ||
| 945 | _aCatherine Arias Alvarez - Practicante SENA | ||
| 999 |
_c69687 _d69687 |
||